WWE Superstar By Finished (2024 Edition) - Statistics

General Stats
  • This quiz has been taken 100 times
  • The average score is 15 of 20
Answer Stats
Finishing Move Superstar % Correct
Claymore Kick Drew McIntyre
95%
RKO Randy Orton
95%
Styles Clash AJ Styles
94%
GTS CM Punk
92%
Stunner Kevin Owens
91%
Samoan Spike Solo Sikoa
91%
Riptide Rhea Ripley
90%
Helluva Kick Sami Zayn
90%
A-Town Down Austin Theory
85%
Skull Crushing Finale The Miz
83%
Ankle Lock Chad Gable
81%
South Of Heaven Damian Priest
77%
Trickshot Trick Williams
68%
Sol Snatcher Sol Ruca
63%
Rose Plant Bayley
61%
Running Powerslam Braun Strowman
61%
Powerbomb Gunther
58%
Nothing But Net Carmelo Hayes
57%
Torpedo Moscow Ilja Dragunov
57%
Insane Elbow Kairi Sane
56%
No matching quizzes found
Score Distribution
Percent of People with Each Score
Percentile by Number Answered
Your Score History
You have not taken this quiz